| 000 | 00946nam a2200205Ia 4500 | ||
|---|---|---|---|
| 003 | OSt | ||
| 005 | 20241010135754.0 | ||
| 007 | ca aa aaaaa | ||
| 008 | 201103s9999 xx 000 0 und d | ||
| 040 | _cS-SAT | ||
| 041 | _abur | ||
| 082 |
_223 _a၂၉၄.၃၄၃၅၀၉ တိ _b၉၇၅၅ S-SAT |
||
| 100 | 0 |
_aတိလောကဉာဏ၊ အရှင် _955003 |
|
| 245 | 1 | 0 |
_aဆူးလေစေတီတော်သမိုင်း(သမိုင်းအမြုတေ) / _cအရှင်တိလောကဉာဏ။ |
| 260 |
_aရန်ကုန် ၊ _bသုဓမ္မဝတီစာပုံနှိပ်တိုက်၊ _c၁၉၅၅။ |
||
| 300 |
_aဘ၊ ၃၃၉ စာမျက်နှာ ၊ _bဓာတ်ပုံများ ၊ _c၂၂စင်တီ။ |
||
| 500 | _aS-SAT: Dr. Sai Aung Tun | ||
| 650 |
_aဆူးလေစေတီတေ် _vသမိုင်း _955004 |
||
| 942 |
_2ddc _cBK1 |
||
| 999 |
_c17144 _d17144 |
||